[Event "Elite Hotels Open 2015"]
[Site "Elite Stadshotellet, Vaxjo"]
[Date "2015.02.14"]
[Round "6.81"]
[White "Rudolph, Justus"]
[Black "Mellbin, Bo-Goran"]
[Result "1-0"]
[WhiteElo "1760"]
[BlackElo "1664"]
[EventDate "2015.02.13"]

1.e4 e5 2.Nf3 Nc6 3.Bc4 Nf6 4.d3 h6 5.O-O Bc5 6.Nc3 O-O 7.Be3 Bb6 8.h3 d6 
9.Qd2 Bxe3 10.fxe3 Na5 11.Bb3 Nxb3 12.axb3 Nh5 13.Rf2 Bd7 14.Qd1 g6 15.Qd2
Kg7 16.d4 f6 17.g4 Kh7 18.gxh5 gxh5 19.Kh2 Qc8 20.Ng1 c6 21.Raf1 Qd8 22.
Qd1 Be8 23.dxe5 d5 24.exd5 Qe7 25.exf6 Qe5+ 26.Kh1 Bg6 27.Qd4 Qd6 28.f7 
Rad8 29.Rf6 Qc7 30.d6 Qa5 31.Rxg6 Kxg6 32.Rf6+ 1-0

[Event "Elite Hotels Open 2015"]
[Site "Elite Stadshotellet, Vaxjo"]
[Date "2015.02.14"]
[Round "6.84"]
[White "Hansen, Anders"]
[Black "Orci, Istvan"]
[Result "1-0"]
[WhiteElo "1706"]
[BlackElo "1603"]
[EventDate "2015.02.13"]

1.b3 Nf6 2.Bb2 d5 3.Nf3 e6 4.d3 c5 5.Nbd2 Nc6 6.g3 Be7 7.Bg2 O-O 8.O-O Qc7
9.Re1 Nd7 10.a3 Bf6 11.Qc1 d4 12.c3 dxc3 13.Bxc3 Bxc3 14.Qxc3 Rb8 15.b4 
cxb4 16.axb4 Qd6 17.Reb1 Nf6 18.b5 Nd5 19.Qb2 Ncb4 20.Ra4 Bd7 21.Rxb4 Nxb4
22.Qxb4 Qxb4 23.Rxb4 f6 24.Nc4 b6 25.Nfd2 Rbc8 26.Ne4 Rc7 27.Ned6 Rd8 28.
f4 Kf8 29.Nb7 Rb8 30.Ncd6 Ke7 31.Rc4 Rxc4 32.dxc4 Bc8 33.Kf2 Bxb7 34.Nxb7 
Kd7 35.c5 bxc5 36.Bc6+ Ke7 37.Nxc5 a6 38.Nxa6 1-0

[Event "Elite Hotels Open 2015"]
[Site "Elite Stadshotellet, Vaxjo"]
[Date "2015.02.14"]
[Round "6.85"]
[White "Valle, Lorenzo"]
[Black "Johansson, Henrik"]
[Result "1-0"]
[WhiteElo "1585"]
[BlackElo "1638"]
[EventDate "2015.02.13"]

1.e4 g6 2.d4 Bg7 3.Be3 d6 4.Be2 Nd7 5.f4 c5 6.Nc3 Qb6 7.Nf3 e6 8.O-O Nh6 
9.Nb5 a6 10.dxc5 dxc5 11.Nd6+ Ke7 12.Nc4 Qc6 13.Qe1 Qxe4 14.Qh4+ f6 15.Bd3
Qd5 16.Rad1 Nf5 17.Bxf5 Qxf5 18.Qf2 b6 19.Nxb6 Nxb6 20.Bxc5+ Kf7 21.Bxb6 
Rb8 22.c4 Qxf4 23.Qc5 Re8 24.Bc7 1-0

[Event "Elite Hotels Open 2015"]
[Site "Elite Stadshotellet, Vaxjo"]
[Date "2015.02.15"]
[Round "7.1"]
[White "Hillarp Persson, Tiger"]
[Black "Blomqvist, Erik"]
[Result "1/2-1/2"]
[WhiteElo "2552"]
[BlackElo "2521"]

1.d4 d5 2.c4 c6 3.Nc3 Nf6 4.e3 g6 5.Nf3 Bg7 6.h3 O-O 7.Bd3 b6 8.O-O Bb7 9.
e4 dxe4 10.Nxe4 Nbd7 11.Nc3 Re8 12.Bf4 c5 13.d5 e6 14.Bc2 exd5 15.cxd5 a6 
16.a4 b5 17.axb5 axb5 18.Rxa8 Bxa8 19.Nxb5 Nxd5 20.Bg3 Bxb2 21.Bb3 Ne5 22.
Bxe5 Bxe5 23.Re1 Bf6 24.Rxe8+ Qxe8 25.Bxd5 Bxd5 26.Nc7 Bxf3 27.Nxe8 Bxd1 
28.Nxf6+ Kg7 29.Ne4 c4 30.f4 Ba4 31.Kf2 Bc6 32.Nc3 Kf6 33.h4 Kf5 34.g3 Kg4
35.Nd1 Kh3 36.Nc3 Kg4 1/2-1/2

[Event "Elite Hotels Open 2015"]
[Site "Elite Stadshotellet, Vaxjo"]
[Date "2015.02.15"]
[Round "7.2"]
[White "Berg, Emanuel"]
[Black "Meier, Georg"]
[Result "0-1"]
[WhiteElo "2543"]
[BlackElo "2641"]

1.e4 e6 2.d4 d5 3.e5 c5 4.c3 Nc6 5.Nf3 Qb6 6.Bd3 cxd4 7.O-O Bd7 8.Re1 a6 
9.Nbd2 dxc3 10.bxc3 Bc5 11.Qe2 Na5 12.Rb1 Qc7 13.c4 dxc4 14.Bc2 Bc6 15.Ne4
Bxe4 16.Qxe4 Ne7 17.Bd2 Nec6 18.Bxa5 Nxa5 19.Ba4+ Ke7 20.Qg4 Kf8 21.Rbd1 
b5 22.Bc2 h6 23.Nd4 Re8 24.h4 g5 25.hxg5 hxg5 26.Nf3 Be7 27.Nxg5 Bxg5 28.
Qxg5 Qe7 29.Qf6 Qxf6 30.exf6 Rh6 31.Rd6 c3 32.Rxa6 Nc4 33.Bd3 Rxf6 34.Bxc4
bxc4 35.Ra3 Rb8 36.Rxc3 Rb2 37.Rf1 Rf4 38.g3 Rd4 39.Rfc1 Rdd2 40.Rf3 Rdc2 
41.Rxc2 Rxc2 42.Ra3 Ke7 43.Ra8 Kd7 44.Ra7+ Kd6 45.Kg2 f5 46.Kf3 e5 47.Ke3 
Rc3+ 48.Ke2 Kd5 49.a4 Ke4 50.a5 Rc2+ 51.Ke1 c3 52.Rc7 Kf3 53.Kd1 Ra2 54.
Rxc3+ Kxf2 55.Rc5 Kxg3 56.Rxe5 f4 57.Ke1 Ra1+ 58.Kd2 f3 59.Rg5+ Kf4 60.Rg8
f2 61.Rf8+ Kg3 62.Rg8+ Kh4 63.Rf8 f1=Q 64.Rxf1 Rxf1 65.Kc3 Rf4 0-1

[Event "Elite Hotels Open 2015"]
[Site "Elite Stadshotellet, Vaxjo"]
[Date "2015.02.15"]
[Round "7.3"]
[White "Hedman, Erik"]
[Black "Akesson, Ralf"]
[Result "1/2-1/2"]
[WhiteElo "2376"]
[BlackElo "2451"]

1.d4 Nf6 2.c4 e6 3.Nf3 d5 4.g3 Bb4+ 5.Bd2 Be7 6.Bg2 O-O 7.O-O Nbd7 8.Qc2 
c6 9.Bf4 Nh5 10.Bc1 Nhf6 11.Nbd2 b6 12.e4 Bb7 13.cxd5 cxd5 14.e5 Rc8 15.
Qb3 Ne8 16.Re1 Nc7 17.Nf1 a5 18.h4 b5 19.Bg5 Nb6 20.Qd3 h6 21.Bxe7 Qxe7 
22.g4 b4 23.Ng3 Ba6 24.Qd1 g6 25.Qd2 Kg7 26.b3 Nd7 27.g5 1/2-1/2

[Event "Elite Hotels Open 2015"]
[Site "Elite Stadshotellet, Vaxjo"]
[Date "2015.02.15"]
[Round "7.4"]
[White "Westerberg, Jonathan"]
[Black "Livner, Anders"]
[Result "1/2-1/2"]
[WhiteElo "2430"]
[BlackElo "2343"]

1.e4 c6 2.d4 d5 3.Nc3 dxe4 4.Nxe4 Bf5 5.Ng3 Bg6 6.N1e2 Nf6 7.Nf4 e5 8.Nxg6
hxg6 9.dxe5 Qa5+ 10.Bd2 Qxe5+ 11.Qe2 Nbd7 12.O-O-O O-O-O 13.Qxe5 Nxe5 14.
h3 Bc5 15.f4 Ned7 16.Bc4 Bf2 17.Be1 Be3+ 18.Bd2 Bf2 19.Be1 Be3+ 20.Bd2 
1/2-1/2

[Event "Elite Hotels Open 2015"]
[Site "Elite Stadshotellet, Vaxjo"]
[Date "2015.02.15"]
[Round "7.5"]
[White "Lindgren, Philip"]
[Black "Solodovnichenko, Yuri"]
[Result "0-1"]
[WhiteElo "2340"]
[BlackElo "2577"]

1.c4 Nf6 2.g3 c6 3.Nf3 d5 4.Bg2 dxc4 5.O-O Nbd7 6.Qc2 Nb6 7.Na3 Be6 8.Ng5 
Bg4 9.Re1 Qd4 10.Rb1 e6 11.b3 Bc5 12.e3 Qe5 13.f4 Qf5 14.Ne4 cxb3 15.axb3 
Bb4 16.Bb2 O-O 17.Nxf6+ gxf6 18.e4 Qa5 19.Ra1 Rfd8 20.Nc4 Qc5+ 21.d4 Rxd4 
22.Bxd4 Qxd4+ 23.Qf2 Qxf2+ 24.Kxf2 Bxe1+ 25.Kxe1 Nxc4 26.bxc4 Bh5 27.h3 
Bg6 28.c5 a5 29.Kd2 a4 30.Kc3 a3 31.Kb4 a2 32.g4 f5 33.gxf5 exf5 34.e5 Bh5
35.Bf1 Bf3 36.Bc4 Bd5 37.Bxd5 cxd5 38.Kb3 Kf8 0-1

[Event "Elite Hotels Open 2015"]
[Site "Elite Stadshotellet, Vaxjo"]
[Date "2015.02.15"]
[Round "7.6"]
[White "Smith, Axel"]
[Black "Lissang, Christopher"]
[Result "1-0"]
[WhiteElo "2488"]
[BlackElo "2280"]

1.c4 e5 2.g3 Nf6 3.Bg2 Bc5 4.Nc3 O-O 5.e3 Re8 6.Nge2 a5 7.O-O d6 8.b3 c6 
9.Bb2 Ba7 10.Qc2 Qe7 11.h3 Na6 12.a3 Bd7 13.Rad1 Rac8 14.d4 b5 15.c5 exd4 
16.cxd6 Qxd6 17.Nxd4 Qe5 18.Nce2 Qc5 19.Qb1 Bb8 20.Nf4 Bxf4 21.exf4 Nd5 
22.Nf3 f6 23.Rc1 Qf8 24.Nd4 Qf7 25.Rfd1 Ne7 26.Be4 h6 27.Nxb5 cxb5 28.Rxd7
Qe6 29.Rxc8 Rxc8 30.Rd1 Qxb3 31.Bb7 Rc2 32.Bxf6 Qxb1 33.Rxb1 gxf6 34.Bxa6 
Rc3 35.Bxb5 Rxa3 36.Bc4+ Kg7 37.Rb7 Kf8 38.Be6 Rc3 39.Ra7 Rc5 40.g4 Rb5 
41.Kg2 h5 42.Kg3 hxg4 43.hxg4 Rc5 44.f3 Rb5 45.f5 Rc5 46.Kh3 Re5 47.Kg2 
Rc5 48.g5 Rb5 49.gxf6 1-0

[Event "Elite Hotels Open 2015"]
[Site "Elite Stadshotellet, Vaxjo"]
[Date "2015.02.15"]
[Round "7.7"]
[White "Arman, Deniz"]
[Black "Sjodahl, Pontus"]
[Result "1-0"]
[WhiteElo "2276"]
[BlackElo "2428"]

1.e4 e6 2.d4 d5 3.e5 c5 4.c3 Qb6 5.Nf3 Bd7 6.Bd3 Bb5 7.dxc5 Bxc5 8.b4 Bxd3
9.Qxd3 Be7 10.Na3 a5 11.O-O axb4 12.Be3 Qd8 13.cxb4 Nc6 14.Nb5 Nxb4 15.Qb3
Nc6 16.Bb6 Na5 17.Qb1 Qxb6 18.Nd6+ Qxd6 19.exd6 Bxd6 20.Qb5+ Ke7 21.Nd4 
Nf6 22.Nb3 Nc4 23.Qxb7+ Nd7 24.Nd4 Rhc8 25.Rfe1 Ne5 26.Qb3 Ra3 27.Qb1 Ra4 
28.Qd1 Rcc4 29.Nf3 g6 30.Nxe5 Bxe5 31.Rc1 Rxc1 32.Qxc1 Rxa2 33.Qd1 h5 34.
g3 Kf8 35.Qb3 Rb2 36.Qa4 Ke7 37.Qa3+ Kf6 38.Qa7 Nb6 39.Re3 Bd4 40.Rf3+ 1-0

[Event "Elite Hotels Open 2015"]
[Site "Elite Stadshotellet, Vaxjo"]
[Date "2015.02.15"]
[Round "7.8"]
[White "Johansson, Linus"]
[Black "Lind, Jan-Olov"]
[Result "1-0"]
[WhiteElo "2394"]
[BlackElo "2238"]

1.d4 Nf6 2.c4 c5 3.d5 e5 4.g3 d6 5.Bg2 Be7 6.e4 b5 7.cxb5 O-O 8.Ne2 a6 9.
bxa6 Bxa6 10.O-O Nbd7 11.Nbc3 Qc7 12.b3 Rfb8 13.Rb1 Qa5 14.a3 Rb7 15.Qc2 
Rab8 16.Rd1 Bd8 17.Bf1 Qb6 18.Bd2 Qa7 19.a4 c4 20.b4 Ng4 21.Be1 Rxb4 22.
Rxb4 Rxb4 23.h3 Ngf6 24.Nb5 Qc5 25.Bxb4 Qxb4 26.Nec3 Qc5 27.Qe2 Bb6 28.Rd2
Ba5 29.Rc2 Nb6 30.Kg2 h6 31.Kf3 Nfd7 32.Kg2 Bb7 33.Qe3 Qb4 34.Qc1 f5 35.
Na2 Qxa4 36.Nxd6 Ba8 37.Nxf5 Nxd5 38.exd5 Bxd5+ 39.Kg1 Be4 40.Rxc4 Qxa2 
41.Rxe4 Bb6 42.Bc4+ 1-0

[Event "Elite Hotels Open 2015"]
[Site "Elite Stadshotellet, Vaxjo"]
[Date "2015.02.15"]
[Round "7.9"]
[White "Lindberg, Bengt"]
[Black "Lekander, Rolf"]
[Result "1/2-1/2"]
[WhiteElo "2385"]
[BlackElo "2231"]

1.e4 c5 2.Nf3 e6 3.d4 cxd4 4.Nxd4 a6 5.Nc3 Qc7 6.Bd3 Nc6 7.Be3 b5 8.Nxc6 
Qxc6 9.O-O Nf6 10.f3 Bb7 11.Kh1 Bc5 12.Qe1 Bxe3 13.Qxe3 d6 14.a4 b4 15.Na2
Qc5 16.Qd2 a5 17.c3 bxc3 18.Nxc3 O-O 19.Nb5 Rfd8 20.Rfc1 Qb6 21.Rc3 Nd7 
22.Bc2 Ne5 23.Rd1 d5 24.Qf4 Ng6 25.Qc7 Qf2 26.Nd6 Nh4 27.Rg1 Rxd6 28.Qxb7 
Rdd8 29.exd5 exd5 30.Qc7 d4 31.Rc4 Nxf3 32.gxf3 Qxf3+ 33.Rg2 Qf1+ 34.Rg1 
Qf3+ 35.Rg2 Qf1+ 36.Rg1 Qf3+ 1/2-1/2

[Event "Elite Hotels Open 2015"]
[Site "Elite Stadshotellet, Vaxjo"]
[Date "2015.02.15"]
[Round "7.10"]
[White "Dragicevic, Drazen"]
[Black "Kockum, Anton Frisk"]
[Result "1-0"]
[WhiteElo "2248"]
[BlackElo "2375"]

1.c4 c5 2.Nf3 Nc6 3.d4 cxd4 4.Nxd4 Nf6 5.Nc3 g6 6.g3 Bg7 7.Bg2 O-O 8.O-O 
Nxd4 9.Qxd4 d6 10.Qd2 Rb8 11.b3 Bd7 12.Bb2 Bc6 13.Nd5 Bxd5 14.cxd5 Ne8 15.
Bxg7 Nxg7 16.Rac1 Qb6 17.Rc4 Rfc8 18.Rfc1 Qd8 19.Bh3 Rxc4 20.Rxc4 Ne8 21.
Rh4 Nf6 22.g4 Rc8 23.g5 Nd7 24.Qf4 Rc2 25.Bxd7 Qxd7 26.Rxh7 Qf5 27.Qxf5 
gxf5 28.g6 fxg6 29.Rxe7 Rxa2 30.e3 Ra5 31.Rxb7 Rxd5 32.Rxa7 Rb5 33.Rd7 
Rxb3 34.Rxd6 Kg7 35.Kg2 Rb4 36.h3 Ra4 37.Kf3 Rb4 38.Kg3 Re4 39.Rd4 Re8 40.
h4 Kh6 41.Kf4 Kh5 42.Kf3 Re7 43.Rf4 Re8 44.Ke2 Ra8 45.Kf3 Re8 46.Kg3 Re7 
47.Rb4 Re8 48.Rb7 Kh6 49.Rb3 Ra8 50.f3 Ra4 51.Rb7 Rc4 52.Rb8 Ra4 53.Re8 
Ra1 54.Kf4 Kg7 55.h5 Kf6 56.Rf8+ Kg7 57.Rd8 Ra4+ 58.Kg5 gxh5 59.Rd7+ Kg8 
60.Kxf5 h4 61.e4 Ra6 62.Rd2 Kg7 63.Rh2 Rh6 64.Kg4 Rg6+ 65.Kxh4 Kf6 66.f4 
Rg1 67.Re2 Ke6 68.Re3 Kf6 69.Ra3 Ke7 70.Ra7+ Kd6 71.Ra6+ Kc5 72.f5 Kd4 73.
Re6 Ke3 74.Kh5 Kf4 75.Kh6 Rh1+ 76.Kg7 Kg5 77.Rg6+ Kf4 78.f6 1-0

[Event "Elite Hotels Open 2015"]
[Site "Elite Stadshotellet, Vaxjo"]
[Date "2015.02.15"]
[Round "7.11"]
[White "Henriksson, Johan"]
[Black "Bakr, Jwan"]
[Result "1-0"]
[WhiteElo "2241"]
[BlackElo "2343"]

1.d4 Nf6 2.Nf3 g6 3.g3 Bg7 4.Bg2 O-O 5.O-O d6 6.c4 c6 7.Nc3 Qb6 8.Qc2 Qa6 
9.Nd2 d5 10.cxd5 cxd5 11.Nb3 Nc6 12.Bg5 Be6 13.Qd2 Ne4 14.Nxe4 dxe4 15.Nc5
Qc4 16.Nxe6 fxe6 17.Bxe4 Nxd4 18.Bd3 Qd5 19.Bxe7 Rfc8 20.Qg5 e5 21.b3 Rc3 
22.Qe3 Nf5 23.Qg5 h6 24.Qxg6 Nxe7 25.Qh7+ Kf7 26.Bc4 Rxc4 27.bxc4 Qxc4 28.
Rac1 Qe6 29.Rc7 Re8 30.Rd1 Qxa2 31.Rdd7 Qe6 32.Rxb7 a5 33.Qd3 e4 34.Qa3 
Bf6 35.Qxa5 Kg6 36.Qc5 Nf5 37.g4 Ng7 38.h3 e3 39.f4 Kh7 40.Qc7 Rg8 41.Qc2+
1-0

[Event "Elite Hotels Open 2015"]
[Site "Elite Stadshotellet, Vaxjo"]
[Date "2015.02.15"]
[Round "7.12"]
[White "Ask, Josef"]
[Black "Semcesen, Daniel"]
[Result "0-1"]
[WhiteElo "2174"]
[BlackElo "2466"]

1.e4 e5 2.Nf3 Nc6 3.Bc4 Bc5 4.c3 Nf6 5.d4 exd4 6.cxd4 Bb4+ 7.Bd2 Bxd2+ 8.
Nbxd2 d5 9.exd5 Nxd5 10.Qb3 Na5 11.Qa4+ Nc6 12.Ne5 O-O 13.Nxc6 bxc6 14.
Bxd5 Qxd5 15.O-O c5 16.Nf3 Bg4 17.Ne5 Be6 18.Rfd1 Rfe8 19.Nd3 Qxd4 20.Qxd4
cxd4 21.b3 Bf5 22.Nc5 Rad8 23.Kf1 Re5 24.Rac1 h5 25.Rd2 d3 26.f3 Rdd5 27.
b4 a5 28.a3 axb4 29.axb4 Rd4 30.Na6 Rb5 31.Rxc7 Rb6 32.Nc5 Rbxb4 33.Kf2 
Rd5 34.Ke3 Rc4 35.Na6 Re5+ 36.Kf2 Rc2 37.Rdxc2 dxc2 38.Nb4 Rb5 39.Na2 Rb2 
40.Nc1 Rb1 41.Ne2 Bd3 42.Nf4 c1=Q 43.Rxc1 Rxc1 44.Nxd3 Rc2+ 45.Kg3 g6 46.
h4 Kg7 47.Nf2 Kf6 48.Ne4+ Ke5 49.Nf2 Kd4 50.Nh3 Ke3 51.Ng5 Rc7 52.Nh3 Ke2 
53.Ng5 Kf1 54.Kh3 Ra7 55.Ne4 f5 56.Ng5 Ra2 57.g4 f4 58.Ne4 Kg1 59.gxh5 
gxh5 60.Nd2 Rb2 61.Nf1 Rg2 0-1

[Event "Elite Hotels Open 2015"]
[Site "Elite Stadshotellet, Vaxjo"]
[Date "2015.02.15"]
[Round "7.13"]
[White "Brynell, Stellan"]
[Black "Sigeman, Johan"]
[Result "1-0"]
[WhiteElo "2452"]
[BlackElo "2128"]

1.Nf3 Nf6 2.c4 e6 3.g3 b6 4.Bg2 Bb7 5.d4 Bb4+ 6.Bd2 Bxd2+ 7.Qxd2 O-O 8.Nc3
Ne4 9.Qd3 Nxc3 10.Ng5 Be4 11.Bxe4 Nxe4 12.Qxe4 Qxg5 13.Qxa8 Nc6 14.Qb7 
Nxd4 15.Rd1 c5 16.O-O Nxe2+ 17.Kh1 Nd4 18.Qxd7 h5 19.Qb7 Qg4 20.f3 Qg6 21.
Rf2 f5 22.f4 Qg4 23.Re1 h4 24.gxh4 Qxh4 25.Rg1 Rf7 26.Qa8+ Kh7 27.Rg3 Qh5 
28.Qg2 Kg8 29.Rf1 Qe2 30.Qxe2 Nxe2 31.Rd3 Nd4 32.b4 Kf8 33.bxc5 bxc5 34.
Rb1 Rc7 35.Rb8+ Kf7 36.Kg2 Kf6 37.Rf8+ Ke7 38.Rg8 Kf7 39.Ra8 Kf6 40.Ra3 
Nc6 41.Re3 Nd4 42.Ra3 Nc6 43.Re3 Nd4 44.h4 g6 45.Rf8+ Kg7 46.Rb8 Kf6 47.
Kg3 Kg7 48.Kf2 Kf6 49.Rg3 Rh7 50.Rh3 Rc7 51.h5 Rh7 52.h6 g5 53.Rf8+ Ke7 
54.Ra8 Kf6 55.Rf8+ Ke7 56.fxg5 Kxf8 57.g6 Rxh6 58.Rxh6 Kg7 59.Rh7+ Kxg6 
60.Rxa7 e5 61.Rc7 f4 62.Rxc5 e4 63.Re5 e3+ 64.Kf1 e2+ 65.Rxe2 Nxe2 66.Kxe2
Kf5 67.a4 Ke5 68.Kf3 1-0

[Event "Elite Hotels Open 2015"]
[Site "Elite Stadshotellet, Vaxjo"]
[Date "2015.02.15"]
[Round "7.14"]
[White "Sevastianov, Andrii"]
[Black "Schneider, Stefan"]
[Result "1/2-1/2"]
[WhiteElo "2071"]
[BlackElo "2387"]

1.c4 Nf6 2.g3 c6 3.Bg2 d5 4.Nf3 Bf5 5.cxd5 cxd5 6.Qb3 Bc8 7.d3 Nc6 8.Bf4 
e6 9.Nc3 Bd6 10.Bxd6 Qxd6 11.O-O O-O 12.e4 Rd8 13.Rac1 Qb4 14.Qc2 d4 15.a3
Qe7 16.Na4 e5 17.Nd2 h5 18.h4 Bg4 19.f3 Bd7 20.Nc5 Be8 21.Bh3 b6 22.Na6 
Qb7 23.Nb4 Nxb4 24.axb4 Bd7 25.Bxd7 Qxd7 26.Qc7 Qb5 27.Qc4 Qd7 28.Qc7 Qb5 
29.Qc4 Qd7 1/2-1/2

[Event "Elite Hotels Open 2015"]
[Site "Elite Stadshotellet, Vaxjo"]
[Date "2015.02.15"]
[Round "7.15"]
[White "Karlsson, Robin"]
[Black "Ernst, Thomas"]
[Result "0-1"]
[WhiteElo "2012"]
[BlackElo "2369"]

1.c4 g6 2.Nf3 Bg7 3.Nc3 c5 4.g3 Nc6 5.Bg2 e5 6.O-O d6 7.a3 a5 8.Ne1 Be6 9.
d3 Nge7 10.Nc2 d5 11.cxd5 Nxd5 12.Ne3 Nde7 13.Qa4 O-O 14.Nc4 Rb8 15.Bg5 f6
16.Be3 Nd4 17.Nxa5 Bd7 18.Qc4+ Be6 19.Qa4 b5 20.Nxb5 Rxb5 21.Nb7 Qd7 22.
Bxd4 cxd4 23.Qa6 Rb8 0-1

[Event "Elite Hotels Open 2015"]
[Site "Elite Stadshotellet, Vaxjo"]
[Date "2015.02.15"]
[Round "7.16"]
[White "Bellon Lopez, Juan Manuel"]
[Black "Ottenklev, Niklas"]
[Result "0-1"]
[WhiteElo "2368"]
[BlackElo "2115"]

1.d4 f5 2.h3 d6 3.Nc3 g6 4.e4 fxe4 5.Nxe4 Nf6 6.Ng5 e6 7.Bc4 d5 8.Bd3 Bg7 
9.h4 Qe7 10.N1f3 Nc6 11.Qe2 Bd7 12.c3 a6 13.b4 O-O 14.h5 e5 15.hxg6 h6 16.
Nh7 e4 17.Nxf8 Qxf8 18.Bc4 exf3 19.gxf3 Re8 20.Be3 dxc4 21.Qxc4+ Be6 22.
Qd3 Nd5 23.O-O-O Ndxb4 24.cxb4 Nxb4 25.Qa3 Nxa2+ 26.Kb2 Qxf3 27.Qd3 Nb4 
28.Qd2 Nc6 29.Qc3 Qe2+ 30.Rd2 Qb5+ 31.Kc1 Bd5 32.Rh5 Nb4 33.Rf5 Qa4 34.Kb2
Be6 35.Rh5 Nd5 36.Qc2 Qb4+ 37.Kc1 Nc3 38.Qb2 Qc4 39.Qc2 b5 40.Rc5 Qf1+ 41.
Kb2 Na4+ 42.Ka3 Qa1+ 43.Kb4 Nxc5 44.dxc5 c6 45.Qc3 0-1

[Event "Elite Hotels Open 2015"]
[Site "Elite Stadshotellet, Vaxjo"]
[Date "2015.02.15"]
[Round "7.17"]
[White "Ziegler, Ari"]
[Black "Gillefalk, Bjorn"]
[Result "0-1"]
[WhiteElo "2327"]
[BlackElo "2090"]

1.d4 Nf6 2.Nf3 e6 3.Bg5 d5 4.e3 Nbd7 5.Bd3 h6 6.Bh4 b6 7.O-O Bb7 8.c4 dxc4
9.Bxc4 Be7 10.Nc3 O-O 11.Qe2 c5 12.Rfd1 Ne4 13.Bxe7 Nxc3 14.bxc3 Qxe7 15.
e4 cxd4 16.cxd4 Rfd8 17.Rac1 Nf6 18.Bd3 Rac8 19.Rxc8 Rxc8 20.h3 Qa3 21.Kh2
Rc1 22.Rd2 Qc3 23.g4 Qc7+ 24.Kg2 Qf4 25.Qe3 Qxe3 26.fxe3 Nxe4 27.Bxe4 Bxe4
28.Kg3 Rc3 29.Kf4 Bd5 30.h4 f6 31.g5 hxg5+ 32.hxg5 Bxf3 33.Kxf3 fxg5 34.
Ke4 Ra3 35.Rf2 Ra5 36.a4 g4 37.Rg2 Rxa4 38.Rxg4 Ra5 39.Rf4 Rh5 40.Rf1 a5 
41.Ra1 Kf7 42.Kd3 Rb5 43.Ke4 g5 44.Ra2 Kg6 45.Ra1 Rf5 46.Rc1 b5 47.Rc6 Kf6
48.Kd3 Ke7 49.e4 Rf3+ 50.Ke2 Rb3 51.Rc7+ Kf6 52.Rc6 Ke7 53.Rc7+ Kd8 54.Rg7
a4 55.Rxg5 a3 56.Rg8+ Kc7 57.Ra8 b4 58.Kd2 Rb2+ 59.Kd3 a2 0-1

[Event "Elite Hotels Open 2015"]
[Site "Elite Stadshotellet, Vaxjo"]
[Date "2015.02.15"]
[Round "7.18"]
[White "Tomaz, Tainan Pantano"]
[Black "Rydstrom, Tom"]
[Result "1/2-1/2"]
[WhiteElo "1984"]
[BlackElo "2314"]

1.d4 Nf6 2.c4 e6 3.Nc3 d5 4.cxd5 exd5 5.Bg5 c6 6.Qc2 Na6 7.a3 Nc7 8.e3 Be7
9.Bd3 Ne6 10.Bh4 g6 11.Nge2 O-O 12.O-O Ng7 13.f3 Re8 14.Bf2 Bd7 15.Rad1 
Bd6 16.Kh1 a5 17.e4 dxe4 18.Nxe4 Be7 19.N2c3 Nd5 20.Bc4 Nb6 21.Ba2 Be6 22.
Bxe6 Nxe6 23.d5 Nxd5 24.Qb3 Qc8 25.Rxd5 cxd5 26.Nxd5 a4 27.Qa2 Ra5 28.
Nef6+ Bxf6 29.Nxf6+ Kg7 30.Nxe8+ Qxe8 31.Qc4 Qb5 32.Qc3+ Qe5 33.Qxe5+ Rxe5
34.Re1 Rb5 35.Re2 Kf6 36.g3 Ke7 37.Bd4 Kd6 38.Bc3 Rd5 39.Kg2 b5 40.Kf2 Rd3
41.f4 Kd5 42.Re5+ Kc4 43.Re4+ Kd5 44.Re5+ Kc4 45.Re4+ Kd5 46.Re5+ Kc4 47.
Re4+ Kd5 1/2-1/2

[Event "Elite Hotels Open 2015"]
[Site "Elite Stadshotellet, Vaxjo"]
[Date "2015.02.15"]
[Round "7.19"]
[White "Vaarala, Eric"]
[Black "Berglind, Axel"]
[Result "1-0"]
[WhiteElo "2304"]
[BlackElo "2047"]

1.Nf3 d5 2.c4 c6 3.cxd5 cxd5 4.d4 Nf6 5.Nc3 Nc6 6.Bf4 e6 7.e3 Be7 8.Bd3 a6
9.O-O h6 10.Rc1 Bd6 11.Na4 O-O 12.a3 Bxf4 13.exf4 Ne4 14.Re1 f5 15.Bb1 Bd7
16.Nc5 b6 17.Nxe6 Bxe6 18.Rxc6 Bd7 19.Rc1 Be8 20.Qb3 Kh8 21.Ba2 Qf6 22.Ne5
Rd8 23.f3 Nd2 24.Qd3 Nc4 25.Bxc4 dxc4 26.Qxc4 Bb5 27.Qb4 Rg8 28.Rc7 Be8 
29.Rb7 Rd6 30.Rb8 g5 31.fxg5 Qxg5 32.Nf7+ 1-0

[Event "Elite Hotels Open 2015"]
[Site "Elite Stadshotellet, Vaxjo"]
[Date "2015.02.15"]
[Round "7.20"]
[White "Nilsson, Mikael"]
[Black "Svensson, Bo Anders"]
[Result "1/2-1/2"]
[WhiteElo "2026"]
[BlackElo "2242"]

1.e4 c5 2.Nf3 e6 3.c3 Nf6 4.e5 Nd5 5.d4 cxd4 6.cxd4 d6 7.Bb5+ Bd7 8.Bxd7+ 
Nxd7 9.O-O dxe5 10.Nxe5 Nxe5 11.dxe5 Be7 12.Qg4 Kf8 13.Nd2 h5 14.Qe4 g6 
15.Nc4 Kg7 16.Rd1 Qc7 17.Ne3 Nxe3 18.Bxe3 Rhd8 19.h3 b6 20.Rac1 Rxd1+ 21.
Rxd1 Rd8 22.Rxd8 Bxd8 23.f4 Qd7 24.Qd4 Qc8 25.Qa4 Qb7 26.Kf2 Bh4+ 27.g3 
Be7 28.Qd1 Qc6 29.b3 h4 30.g4 Bb4 31.Qd8 Qc2+ 32.Kf3 Qc6+ 33.Kf2 Qc2+ 34.
Kf3 Qc6+ 1/2-1/2

[Event "Elite Hotels Open 2015"]
[Site "Elite Stadshotellet, Vaxjo"]
[Date "2015.02.15"]
[Round "7.21"]
[White "Goransson, Martin"]
[Black "Olofsson-Dolk, Mattis"]
[Result "0-1"]
[WhiteElo "1968"]
[BlackElo "2228"]

1.e4 c5 2.c4 e5 3.g3 d6 4.Bg2 Be7 5.Ne2 Be6 6.d3 Bg5 7.f4 exf4 8.Nxf4 Bxf4
9.Bxf4 Nc6 10.Nc3 Nge7 11.O-O O-O 12.Bg5 h6 13.Be3 Ne5 14.h3 Qd7 15.Kh2 
N7c6 16.a3 a5 17.Qd2 Rae8 18.Rf2 Na7 19.Nd5 Bxd5 20.cxd5 b6 21.a4 f5 22.
exf5 Rxf5 23.Rxf5 Qxf5 24.Be4 Nf3+ 25.Bxf3 Qxf3 26.Re1 Qxd5 27.Bf4 Rxe1 
28.Qxe1 Nc6 29.Qe8+ Kh7 30.Qf8 Qxd3 31.Bxd6 Qe2+ 32.Kg1 Nd4 33.Qf2 Nf3+ 
34.Kg2 Ne1+ 35.Kg1 Qxf2+ 36.Kxf2 Nd3+ 37.Ke3 Nxb2 38.Bc7 Kg6 39.Ke4 Nxa4 
40.Kd5 Nc3+ 41.Kc6 a4 42.Be5 Ne2 43.Kxb6 c4 0-1

[Event "Elite Hotels Open 2015"]
[Site "Elite Stadshotellet, Vaxjo"]
[Date "2015.02.15"]
[Round "7.22"]
[White "Nilsson, Patrik 1978"]
[Black "Neretljak, Nedzad"]
[Result "1/2-1/2"]
[WhiteElo "2177"]
[BlackElo "2029"]

1.e4 e6 2.d4 d5 3.e5 c5 4.c3 Nc6 5.Nf3 Qb6 6.Bd3 Bd7 7.O-O cxd4 8.cxd4 
Nxd4 9.Nbd2 Nc6 10.Nb3 Nge7 11.Be3 d4 12.Bxd4 Nxd4 13.Nbxd4 Nd5 14.Be4 Be7
15.Qd3 Nb4 16.Qd2 Rd8 17.Rfd1 Bc6 18.Bxc6+ bxc6 19.a3 Nd5 20.Qc2 Rc8 21.
Rac1 O-O 22.Nxc6 Kh8 23.Qa4 Bc5 24.Nfd4 Bxd4 25.Rxd4 Qxb2 26.Qc2 Qb6 27.
Rc4 h6 28.g3 Rc7 29.Nb4 Rfc8 30.Qd3 Nxb4 31.axb4 Rxc4 32.Rxc4 Rd8 33.Qc2 
Qb8 34.Qc3 Rd1+ 35.Kg2 Qb7+ 36.f3 Rd7 37.h4 Qa6 38.Rc8+ Kh7 39.Qc2+ g6 40.
h5 Rd2+ 41.Qxd2 Qxc8 42.hxg6+ fxg6 43.Qe3 Qc2+ 44.Kh3 Qc7 45.Qc5 Qf7 46.
Kg2 h5 47.b5 g5 48.Qe3 Kg6 49.g4 h4 50.Qe4+ Kh6 51.Qe3 Qc7 52.f4 Qb7+ 53.
Kh2 Qxb5 54.fxg5+ Kg6 55.Qf4 Qe2+ 56.Kh3 Qd3+ 57.Kxh4 Qd8 58.Qe4+ Kg7 59.
Qb7+ Kg6 60.Qe4+ 1/2-1/2

[Event "Elite Hotels Open 2015"]
[Site "Elite Stadshotellet, Vaxjo"]
[Date "2015.02.15"]
[Round "7.23"]
[White "Sjodahl, Sten"]
[Black "Ornstein, Axel"]
[Result "0-1"]
[WhiteElo "2051"]
[BlackElo "2330"]

1.e4 c5 2.Nf3 d6 3.d4 Nf6 4.Nc3 cxd4 5.Nxd4 Nc6 6.Nb3 e6 7.Be3 Be7 8.f3 
O-O 9.Qd2 a6 10.O-O-O b5 11.g4 Nd7 12.f4 Qc7 13.Kb1 Nb6 14.Qf2 Rb8 15.Bxb5
axb5 16.Nxb5 Qb7 17.Bxb6 Qxb6 18.Qxb6 Rxb6 19.Nxd6 Ba6 20.Rhe1 Rfb8 21.e5 
Rb4 22.Ne4 Bc4 23.h3 Bd5 24.Nc3 Bxb3 25.cxb3 Rxf4 26.Rd7 Bh4 27.Re2 Rf1+ 
28.Rd1 Rxd1+ 29.Nxd1 Bg3 30.Ne3 Nxe5 31.Nc4 f6 32.Kc2 Kf7 33.a3 g5 34.
Nxe5+ Bxe5 35.b4 Ke7 36.Rd2 f5 37.Kb3 f4 0-1

[Event "Elite Hotels Open 2015"]
[Site "Elite Stadshotellet, Vaxjo"]
[Date "2015.02.15"]
[Round "7.24"]
[White "Lindh, Fredrik"]
[Black "Kalinin, Oleksandr"]
[Result "1-0"]
[WhiteElo "2219"]
[BlackElo "2050"]

1.e4 e6 2.d4 d5 3.Nc3 Nf6 4.e5 Nfd7 5.f4 c5 6.Nf3 Nc6 7.Be3 Be7 8.Be2 O-O 
9.O-O b6 10.Na4 cxd4 11.Nxd4 Nxd4 12.Bxd4 Qc7 13.Rc1 Rd8 14.Bd3 Nc5 15.Nc3
g6 16.b4 Nd7 17.a3 a5 18.Nb5 Qb8 19.c3 Ba6 20.Rb1 axb4 21.axb4 Rc8 22.Qe2 
Bxb5 23.Bxb5 Rc7 24.Rbe1 Qc8 25.Ra1 Rb8 26.Ra3 Ra8 27.Rfa1 Rxa3 28.Rxa3 
Nf8 29.Ba6 Qb8 30.Qe3 Nd7 31.Bb5 Nc5 32.Qc1 Ne4 33.Qa1 Qf8 34.Bd3 Qh6 35.
Bxb6 Rc6 36.Be3 f6 37.Bxe4 dxe4 38.Ra7 Qf8 39.Rxe7 1-0

[Event "Elite Hotels Open 2015"]
[Site "Elite Stadshotellet, Vaxjo"]
[Date "2015.02.15"]
[Round "7.25"]
[White "Hansson, Fredrik"]
[Black "Drugge, Patrik"]
[Result "1-0"]
[WhiteElo "2029"]
[BlackElo "2207"]

1.e4 e5 2.Nf3 Qe7 3.Bc4 d6 4.Nc3 c6 5.d3 f5 6.Bg5 Nf6 7.Qd2 b5 8.Bb3 h6 9.
Bxf6 gxf6 10.Nh4 Qh7 11.exf5 d5 12.Ng6 Bb4 13.a3 Ba5 14.Nxh8 Bxf5 15.d4 
Nd7 16.O-O-O O-O-O 17.Nf7 Qxf7 18.Qxh6 Rg8 19.dxe5 Bxc3 20.bxc3 Nxe5 21.
Rhg1 Qe7 22.Kb2 Qd6 23.Qe3 Rg7 24.f4 Ng4 25.Qe8+ Kb7 26.h3 Nf2 27.Rdf1 Ne4
28.g4 Qc5 29.gxf5 Rxg1 30.Qd7+ Kb6 31.Qd8+ Kb7 32.Rxg1 Qxg1 33.Bxd5 Nc5 
34.Bb3 Qg2 35.Qd4 Ne4 36.Be6 b4 37.axb4 a5 38.bxa5 Nd2 39.Qb6+ Ka8 40.a6 
c5 41.Qb7+ 1-0